000 00577nam a2200205Ia 4500
005 20230215134320.0
008 131103s9999 xx 000 0 und d
040 _aLoreto College
041 _aEnglish
082 _a820.9
_bTIL
100 _aTillyard, [Eustace Mandeville Wetenhall], 1889-1962
245 4 _aThe Elizabethan world picture
_cE. M. W. Tillyard
260 _aLondon
_bChatto
_c1960
300 _aviii,108 p.
504 _aIncludes index
650 _aEnglish Literature
651 _a16th Century - History and Criticism
850 _aLCLIB
942 _cBK
999 _c7762
_d58241